| 000 | 00395nam a22001697a 4500 | ||
|---|---|---|---|
| 003 | MPLRDC | ||
| 005 | 20220104125511.0 | ||
| 008 | 210129b ||||| |||| 00| 0 eng d | ||
| 082 | _a857.9 LCF-12 c.2 | ||
| 100 | _a龙乘风 | ||
| 245 |
_a盗令惊魂 _c |
||
| 250 | _a初版 | ||
| 260 |
_a _b武林出版社 _c1983 |
||
| 300 | _b平 | ||
| 650 | _a武侠小说 | ||
| 942 |
_cBK _o857.9 LCF-12 c.2 |
||
| 999 |
_c27857 _d27847 |
||